000 00793nam a22002297a 4500
003 URS
005 20240703233047.0
008 240703b |||||||| |||| 00| 0 eng d
020 _a978-0-7817-8121-3 (pbk. : alk. paper)
040 _erda
_cURS
_bEnglish
050 0 0 _aRT48.6
_b.N938 2008
100 _aCarpenito-Moyet, Lynda Juall.,
_eauthor.
_91073
245 1 0 _aNursing diagnosis :
_bapplication to clinical practice /
_cLynda Juall Carpenito-Moyet.
264 _aPhiladelphia :
_bLippincott Williams & Wilkins,
_c©2008.
300 _axxiv, 969 pages ;
_c28 cm.
336 _atext
_btxt
_2rdacontent
337 _aunmediated
_bn
_2rdamedia
338 _avolume
_bnc
_2rdacarrier
504 _aIncludes bibliographical references and index.
650 0 _aNursing diagnosis
942 _2lcc
_cFR
999 _c80660
_d80659